Historic Pueblo Indian Pottery (Record no. 9742)
[ view plain ]
| 000 -CABECERA | |
|---|---|
| campo de control de longitud fija | 00703nam a2200217 a 4500 |
| 001 - NÚMERO DE CONTROL | |
| campo de control | BRL_930 |
| 005 - FECHA Y HORA DE LA ÚLTIMA TRANSACCIÓN | |
| campo de control | 20190320210946.0 |
| 008 - DATOS DE LONGITUD FIJA--INFORMACIÓN GENERAL | |
| campo de control de longitud fija | 251013s1974----u--a######---#000-0#eng-# |
| 041 ## - CÓDIGO DE LENGUA | |
| Código de lengua del texto/banda sonora o título independiente | eng |
| 044 ## - CÓDIGO DEL PAÍS DE LA ENTIDAD EDITORA/PRODUCTORA | |
| Código MARC del país | u |
| 050 #4 - SIGNATURA TOPOGRÁFICA DE LA BIBLIOTECA DEL CONGRESO | |
| Número de clasificación | E99.P9 |
| Número de documento/Ítem | .H37 1974 |
| 100 1# - ENTRADA PRINCIPAL--NOMBRE DE PERSONA | |
| Nombre de persona | Harlow, Francis H. |
| Fechas asociadas al nombre | 1928- |
| 9 (RLIN) | 25354 |
| 245 10 - MENCIÓN DE TÍTULO | |
| Título | Historic Pueblo Indian Pottery |
| Resto del título | painted jars and bowls of the period 1600-1900 |
| Mención de responsabilidad, etc. | Text and drawings by Francis H. Harlow. |
| 260 ## - PUBLICACIÓN, DISTRIBUCIÓN, ETC. | |
| Lugar de publicación, distribución, etc. | Santa Fe (Nuevo Mexico) |
| Nombre del editor, distribuidor, etc. | Museum of New Mexico Press |
| Fecha de publicación, distribución, etc. | 1974 |
| 300 ## - DESCRIPCIÓN FÍSICA | |
| Extensión | 50 p. |
| Otras características físicas | il. |
| Dimensiones | 23 cm. |
| 500 ## - NOTA GENERAL | |
| Nota general | Au1010 |
| 650 14 - PUNTO DE ACCESO ADICIONAL DE MATERIA--TÉRMINO DE MATERIA | |
| Término de materia o nombre geográfico como elemento de entrada | Cerámica indígena |
| Subdivisión geográfica | América del Norte |
| 9 (RLIN) | 25355 |
| 650 14 - PUNTO DE ACCESO ADICIONAL DE MATERIA--TÉRMINO DE MATERIA | |
| Término de materia o nombre geográfico como elemento de entrada | Cerámica |
| Subdivisión geográfica | América del Norte |
| 9 (RLIN) | 25356 |
| 902 ## - CATALOGADOR | |
| Iniciales | GRL |
| 942 ## - ELEMENTOS DE PUNTO DE ACCESO ADICIONAL (KOHA) | |
| Fuente del sistema de clasificación o colocación | Library of Congress Classification |
| Tipo de ítem Koha | Libros |
| Estado de retiro | Estado de pérdida | Estado dañado | No para préstamo | Localización permanente | Ubicación/localización actual | Fecha de adquisición | Número de inventario | Total de préstamos | Signatura topográfica completa | Código de barras | Fecha visto por última vez | Precio válido a partir de | Tipo de ítem Koha |
|---|---|---|---|---|---|---|---|---|---|---|---|---|---|
| El ejemplar forma parte de la colección y puede ser consultado según las políticas vigentes. | Biblioteca Centro de Estudios Ruth D. Lechuga | Biblioteca Centro de Estudios Ruth D. Lechuga | 25/10/2013 | Au1010 | E99.P9 .H37 1974 (Au1010) | GRL01008 | 22/03/2019 | 22/03/2019 | Libros |